000 00717nam a2200253Ia 4500
003 OSt
005 20221007100617.0
006 a|||||r|||| 00| 0
007 ta
008 221006b |||||||| |||| 00| 0 eng d
024 _a4,733
037 _cTextual
040 _aLCO
_cLCO
_beng
041 _2eng
_aeng
082 _aZ73,94, M1
100 _aBennett W.L.
_9701897
245 0 _aReconstructing Reality in the Courtroom
260 _aNew
_byork Tavistok Publishers U.S.A
_c1981
300 _a203
650 _aReconstructing Reality in the Courtroom
_9701898
700 _a Feldman M.S.
_9701899
942 _hZ73,94, M1
_cTEXL
999 _c1174296
_d1174296